1631 1787 1606 1833 1829 1448 1036 1802 1530 1455 1548 1370 1119 1122 1812 1334 1465 1963 1337 1934 1999 1906 1186 1063 1983 1088 1728 1736 1718 1121 1409 1972 1576 1945 1729 1079 1259 1762 1693 1162 1344 1207 1709 1920 1801 1956 1496 1083 1861 1985 1906 1316 1049 1612 1903 1418 1024 1318 1567 1160 1278 1577 1043 1845 1688 1492 1894 1759 1886 1685 1144 1034 1727 1903 1591 1661 1179 1643 1898 1126 1318 1178 1427 1153 1308 1101 1941 1622 1489 1961 1588 1949 1860 1991 1080 1341 1735 1609 1458 BCNSPRNW ULIB Ver.6.0+V

เปลี่ยนเป็นภาษาไทย

Change to English
 แสดงรายละเอียดบรรณานุกรม
  กลับหน้าหลัก

Brief Record : Get Marc (ISO 2709) : E-mail record : QR code < ปิดหน้าต่าง
LEADER : 00000nam 2200000uu 4500
001    13399111691
003     ULIB
008    110706s2553||||th 000 0 tha d
020    9786165001014
090    นว.^bณ410ส 2553
100 0  ณารา
245 00 เจ้านาง/^cณารา
260    กรุงเทพฯ :^bพิมพ์คำ,^c2553
300    340 หน้า
945    ^p230^l0^i18284
995     เกษร
999    ^aใช้งานได้ทุกระบบ
รายการนี้ยังไม่มีแท็ก
คุณยังไม่ได้ล็อกอิน คุณสามารถมีกิจกรรมร่วมกับเว็บไซต์ได้ แต่ต้องล็อกอินก่อน ::
  ล็อกอิน

รายการสื่อสารสนเทศ

ลำดับที่ ประเภท เลขเรียก/บาร์โค้ด สถานที่ สถานะ
1. นวนิยาย
นวนิยาย
นว. ณ410ส 2553  
  Barcode: 18284
ห้องสมุดวิทยาเขตสวรรค์ประชารักษ์
►นวนิยาย
บนชั้น
  ขอยืม

รายการใกล้เคียง
    ผู้แต่ง [ณารา]

BibComment


ยังไม่เคยถูกคอมเมนท์

คอมเมนท์ทรัพยากรรายการนี้
  คอมเมนท์: เจ้านาง ณารา


 Copyright 2026. Bcnsprnw @Library